Giáo trình Tư pháp Quốc tế
Đã lưu trong:
| 主要作者: | |
|---|---|
| 格式: | 圖書 |
| 語言: | Undetermined |
| 出版: |
Hà Nội
Công an nhân dân
2006
|
| 主題: | |
| 標簽: |
添加標簽
沒有標簽, 成為第一個標記此記錄!
|
| Thư viện lưu trữ: | Trung tâm Học liệu Trường Đại học Cần Thơ |
|---|
| LEADER | 00602nam a2200205Ia 4500 | ||
|---|---|---|---|
| 001 | CTU_110792 | ||
| 008 | 210402s9999 xx 000 0 und d | ||
| 020 | |c 84000 | ||
| 082 | |a 340.9 | ||
| 082 | |b Nh550 | ||
| 100 | |a Bùi, Xuân Nhự | ||
| 245 | 0 | |a Giáo trình Tư pháp Quốc tế | |
| 245 | 0 | |c Bùi Xuân Nhự | |
| 260 | |a Hà Nội | ||
| 260 | |b Công an nhân dân | ||
| 260 | |c 2006 | ||
| 650 | |a Conflict of laws,Sự xung đột luật pháp | ||
| 650 | |z Vietnam,Việt Nam | ||
| 904 | |i Minh | ||
| 980 | |a Trung tâm Học liệu Trường Đại học Cần Thơ | ||